000
00302nam a22001337a 4500
008
210303b ||||| |||| 00| 0 eng d
020
_a
0815145470
041
_a
eng
080
_2
3th
_a
616-053.2
100
_a
8
101
_a
PED
245
_a
Primary Pediatric Care
_c
Hoekelman,A.R
942
_2
udc
_c
BK
999
_c
55582
_d
55582